00540nam a22001937a 4500003000500000005001700005008004100022010001000063011001000073035001000083040000900093082001700102110004100119245005300160260005800213300001900271650003500290700002100325CHAP20220329134720.0971013s1946 r 00010 d a24694 a25666 a29766 cCHAP a634.927bI58 aInstituto de Asuntos Interamericanos aForest resources of Paraguayb: a special report a(s.l.) :bInstituto de Asuntos Interamericanos,c1946 a112 p.b: ilus14aRecursos forestalesxParaguay.0 aKlein, Morton A.